Statistics for Star Wars: All Named Legends Clones

Click here to take the quiz!

General Stats

  • This quiz has been taken 11 times
  • The average score is 45 of 361

Answer Stats

AffiliationNameName% Correct
212th Attack BattalionCC-2224Cody
100%
501st LegionCT-1409Echo
100%
501st LegionCT-7567Rex
100%
Sarlacc BattalionsFi
89%
Clan SkirataRC-8015Fi Skirata
89%
501st LegionCT-5555Fives
89%
41st Elite CorpsCC-1004Gree
78%
Lightning SquadronCC-6454Ponds
78%
327th Star CorpsCC-5052Bly
67%
Ghost CompanyBoil
67%
501st LegionHardcase
67%
Domino SquadCT-782Hevy
67%
501st LegionCT-5385Tup
67%
WolfpackCC-3636Wolffe
67%
501st LegionCC-1119Appo
56%
Galactic MarinesCC-1138Bacara
56%
Doom's unitDoom
56%
Fil's squadFil
56%
501st LegionCT-0000/1010Fox
56%
Coruscant GuardCC-1010Fox
56%
501st LegionKix
56%
91st Reconnaissance CorpsCC-8826Neyo
56%
Delta SquadRC-1262Scorch
56%
Delta SquadRC-1207Sev
56%
RC-1309's squadSev
56%
212th Attack BattalionWaxer
56%
Squad SevenAlpha-17Alpha
44%
Blue SquadronAxe
44%
Delta SquadRC-1138Boss
44%
DeserterCut Lawquane
44%
Domino SquadCT-00-2010Droidbait
44%
501st LegionCT-5597Jesse
44%
Grand Army of the RepublicLucky
44%
WolfpackSinker
44%
Diplomatic Escort GroupCC-5869Stone
44%
Coruscant GuardCC-4477Thire
44%
WolfpackBoost
33%
501st LegionBow
33%
Slick's platoonChopper
33%
Rancor BattalionColt
33%
Grand Army of the RepublicCrys
33%
Domino SquadCT-4040Cutup
33%
501st LegionDenal
33%
Yayax SquadDev
33%
501st LegionDogma
33%
Delta SquadRC-1140Fixer
33%
Devil DogsFixer
33%
Grand Army of the RepublicFlash
33%
The Muunilinst 10ARC-77Fordo
33%
327th Star CorpsGalle
33%
Foxtrot GroupCC-5576-39Gregor
33%
127th Gunship WingCT-55/11-9009Jai'galaar
33%
Diplomatic Escort GroupJek
33%
Blue SquadronKickback
33%
Fil's SquadNiner
33%
Clan SkirataRC-1309Niner Skirata
33%
Lightning SquadronRazor
33%
Diplomatic Escort GroupRys
33%
Slick's platoonSlick
33%
Hunter SquadronWarthog
33%
Archer's squadronArcher
22%
Parjai SquadBarlex
22%
Fil's squadBel
22%
Rancor BattalionBlitz
22%
Grand Army of the RepublicCameron
22%
WolfpackComet
22%
K CompanyDeviss
22%
41st Elite CorpsDraa
22%
7th LegionFaie
22%
Slick's platoonGus
22%
Tango CompanyCT-9529Havoc
22%
Rancor BattalionHavoc
22%
Republic NavyHawk
22%
Grand Army of the RepublicCC-1993Jet
22%
Grand Army of the RepublicKeeli
22%
Keller's unitKeller
22%
Republic NavyKiller
22%
Grand Army of the RepublicKosmos
22%
Law's SquadLaw
22%
Shadow SquadronMatchstick
22%
Grand Army of the RepublicMixer
22%
Grand Army of the RepublicCT-19-7409O'Niner
22%
Tango CompanyOx
22%
Torrent CompanyOz
22%
Grand Army of the RepublicRed
22%
Imperial Commando Special UnitTK-70558Rede
22%
Torrent CompanyRidge
22%
Torrent CompanyRingo
22%
Lightning SquadronStak
22%
Grand Army of the RepublicStew
22%
Blue SquadronSwoop
22%
Shadow SquadronTag
22%
Coruscant GuardThorn
22%
Tango CompanyCL-9632Trap
22%
Grand Army of the RepublicTrapper
22%
501st LegionVill
22%
Republic NavyZak
22%
Excelsior Company18Ace
11%
Clan SkirataRC-3222Atin Skirata
11%
Grand Army of the RepublicBlackout
11%
Shadow SquadronBroadside
11%
41st Elite CorpsBuzz
11%
501st LegionCharger
11%
Torrent CompanyCoric
11%
Clone Youth BrigadeCrasher
11%
CT-7719's squadCutter
11%
Clan SkirataIC-1136Darman Skirata
11%
Clone Flight Squad SevenCC-2237Davijaan
11%
Tango CompanyCT-9538Edge
11%
Republic NavyEngle
11%
Gold SquadronFireball
11%
Grand Army of the RepublicFlanker
11%
Skua SquadGanch
11%
Red SquadronGoji
11%
Talon SquadCT-53/21-8778Green
11%
Grand Army of the RepublicGunner
11%
Grand Army of the RepublicHawkeye
11%
Clone Youth BrigadeHotshot
11%
Coruscant GuardHound
11%
Clan SkirataNull-10Jaing Skirata
11%
Clone Youth BrigadeJax
11%
Slick's platoonJester
11%
Grand Army of the RepublicJoker
11%
Grand Army of the RepublicKoho
11%
Horn CompanyLock
11%
Breakout SquadLock
11%
Diplomatic Escort GroupMack
11%
Clan SkirataNull-7Mereel Skirata
11%
Grand Army of the RepublicMonnk
11%
Torrent CompanyNax
11%
Grand Army of the RepublicNub
11%
Clan SkirataNull-11Ordo Skirata
11%
Tango CompanyCT-9521Pulsar
11%
Slick's platoonPunch
11%
501st LegionRedeye
11%
Republic NavyRod
11%
Tango CompanyCT-9544Scythe
11%
Republic NavySilver
11%
Slick's platoonSketch
11%
Blue SquadronSlammer
11%
Mandalorian ProtectorsAlpha-Ø2Spar
11%
Grand Army of the RepublicCT-1284Spark
11%
Devil DogsSten
11%
212th Attack BattalionThreepwood
11%
Ion TeamTrace
11%
Grand Army of the RepublicTrauma
11%
Blue SquadronTucker
11%
501st LegionVoca
11%
Clone Youth Brigade1174Whiplash
11%
Ghost CompanyWooley
11%
Torrent CompanyZeer
11%
Alliance IntelligenceBL-1707Able
0%
7th LegionCT-80/88-3009A'den
0%
Clan SkirataNull-12A'den Skirata
0%
Grand Army of the RepublicAndo
0%
Torrent CompanyAttie
0%
Special Operations BrigadeAven
0%
Torrent CompanyAyar
0%
Gold SquadronBammer
0%
CT-7719's squadCT-7719Banks
0%
Grand Army of the RepublicBaris
0%
2nd PlatoonCT-41/14-0301Barr
0%
Grand Army of the RepublicBarrage
0%
35th InfantryBek
0%
Foundry FourBellows
0%
Devil DogsBlunt
0%
Jabba Desilijic Tiure's criminal empireBoba Fett
0%
Grand Army of the RepublicBolt
0%
501st LegionCS-2207Boomer
0%
Torrent CompanyBoro
0%
Grand Army of the RepublicBouncer
0%
Breakout SquadCT-8863Breaker
0%
Grand Army of the RepublicBreaker
0%
Republic NavyBren
0%
Grand Army of the RepublicBrolis
0%
Galaar SquadBry
0%
Grand Army of the RepublicBurner
0%
Grand Army of the RepublicCale
0%
Gold SquadronCan
0%
Law's SquadCannon
0%
Grand Army of the RepublicCards
0%
Graul CompanyCarg
0%
Galactic EmpireChainly
0%
182nd LegionChatter
0%
Breakout SquadCT-5177Chatterbox
0%
Torrent CompanyCheckers
0%
Improcco CompanyClanky
0%
Ion TeamClimber
0%
Breakout SquadClose-Shave
0%
Grand Army of the RepublicTK-571Clutch
0%
Shadow SquadronCT-4981Contrail
0%
Green Company2242Cooker
0%
Clan SkirataCT-5108/8843Corr Skirata
0%
Yayax SquadCov
0%
CT-7719's squadCrazy Legs
0%
Torrent CompanyDandy
0%
RC-1309's squadDD
0%
Devil DogsDeadeye
0%
Vevut SquadDec
0%
Torrent CompanyDel
0%
Republic NavyDerel
0%
Grand Army of the RepublicDigger
0%
Aiwha SquadDi'kut
0%
Excelsior CompanyDom
0%
Grand Army of the RepublicDov
0%
Grand Army of the RepublicDox
0%
Grand Army of the RepublicDrayk
0%
Breakout SquadDyre
0%
Grand Army of the RepublicCT-014/783Eight-Three
0%
Squad 40IC-4447Ennen
0%
Grand Army of the RepublicEvader
0%
212th Attack BattalionEyeball
0%
Excelsior CompanyFalco
0%
Grand Army of the RepublicFlak
0%
Gold SquadronFlashpoint
0%
Shadow SquadronFlyby
0%
Grand Army of the RepublicForr
0%
Grand Army of the RepublicCT-44/444Forry
0%
Grand Army of the RepublicDash-1044Four-Four
0%
Grand Army of the RepublicCC-8/349Four-Nine
0%
Grand Army of the RepublicFour-One
0%
Grand Army of the RepublicFyn
0%
Combat Engineer BattalionGaffa
0%
212th Attack BattalionGearshift
0%
Torrent CompanyGed
0%
41st Elite CorpsGett
0%
DeserterGhost
0%
Law's SquadGlitch
0%
Grand Army of the RepublicCT-19/39Green Wizard
0%
Grand Army of the RepublicHash
0%
Eighteenth BattalionHerc
0%
Torrent CompanyHez
0%
Torrent CompanyHil
0%
501st LegionCT-5539Hock Malsuum
0%
Law's SquadHorns
0%
Aurek SquadHusk
0%
327th Star CorpsInc
0%
Torrent CompanyInce
0%
Devil DogsJark
0%
Theta SquadRC-1135Jay
0%
1st PlatoonJayk
0%
Grand Army of the RepublicJenks
0%
Galactic EmpireJez
0%
Yayax SquadJind
0%
Republic NavyJinx
0%
Torrent CompanyJoc
0%
Squad SevenCT-43/76-9155Jorir
0%
Separatist holdoutsKaddak
0%
Galactic EmpireKagi
0%
Grand Army of the RepublicCS-1004Kano
0%
Grand Army of the RepublicKef
0%
Grand Army of the RepublicKite
0%
Galactic EmpireGC-1000Klick
0%
182nd LegionKnuckles
0%
Breakout SquadKnuckles
0%
Clan SkirataNull-6Kom'rk Skirata
0%
Grand Army of the RepublicKorbel
0%
35th InfantryCC-3388/0021Levet
0%
Eighteenth BattalionLex
0%
Grand Army of the RepublicLio
0%
212th Attack BattalionLongshot
0%
Torrent CompanyLunn
0%
Grand Army of the RepublicMag
0%
Grand Army of the RepublicMapper
0%
Grand Army of the RepublicMar'ek
0%
182nd LegionMarrt
0%
Grand Army of the RepublicAlpha-26Maze
0%
Grand Army of the RepublicMojo
0%
Grand Army of the RepublicMort
0%
104th BattalionMortar
0%
Grand Army of the RepublicCT-6200/8901Moz
0%
Aurodium SwordAlpha-66Muzzle
0%
Grand Army of the RepublicCT-96/298Nate
0%
Breakout SquadNo-Nines
0%
Grand Army of the RepublicNye
0%
1st PlatoonOake
0%
RC-1309's squadRC-1304O-Four
0%
Grand Army of the RepublicCT-0368/7766Olun
0%
Grand Army of the RepublicParsec
0%
Excelsior Company57Patch
0%
Clan SkirataNull-5Prudii Skirata
0%
Grand Army of the RepublicRacket
0%
1st PlatoonRafe
0%
Bravo SquadRam
0%
Ion TeamRas
0%
182nd LegionRecon
0%
Grand Army of the RepublicReed
0%
Grand Army of the RepublicRemy
0%
Grand Army of the RepublicRonto
0%
Grand Army of the RepublicCT-3899Rookie
0%
Torrent CompanyRoss
0%
32nd Air Combat WingSalvo
0%
Gold SquadronSandcat
0%
Grand Army of the RepublicSarge
0%
Aiwha SquadRC-1013Sarge
0%
104th BattalionScope
0%
Grand Army of the RepublicScraps
0%
Grand Army of the RepublicCT-12/74Seefor
0%
Grand Army of the RepublicSeeker
0%
Grand Army of the RepublicCT-6/774Seven-Four
0%
Devil DogsSharp
0%
Breakout SquadNT-4012Sharp
0%
Grand Army of the RepublicShiv
0%
Republic NavyShooter
0%
Republic NavyCT-1127/549Sicko
0%
Grand Army of the RepublicCT-36/732Sirty
0%
Grand Army of the RepublicCT-1155Skifter
0%
Excelsior Company44Slug
0%
Grand Army of the RepublicSpade
0%
Grand Army of the RepublicSpanner
0%
Devil DogsSpitter
0%
Excelsior CompanySplice
0%
Grand Army of the RepublicSpots
0%
104th BattalionSprint
0%
612th Attack BattalionSquawk
0%
The Muunilinst 10Stec
0%
Arrow SquadronArrow NineStinger
0%
Gamma SquadStoker
0%
Shadow SquadronStriker
0%
Grand Army of the RepublicStripe
0%
Grand Army of the RepublicAlpha-30Sull
0%
Grand Army of the RepublicSwift
0%
Grand Army of the RepublicCP-6824Switch
0%
CT-7719's squadSyke
0%
Galactic EmpireTH-313Tacker
0%
Theta SquadRC-1133Taler
0%
Grand Army of the RepublicTam
0%
Grand Army of the RepublicTavo
0%
35th InfantryTel
0%
Improcco CompanyTenn
0%
Grand Army of the RepublicThill
0%
Grand Army of the Republic35Three-Five
0%
Grand Army of the RepublicThrottle
0%
1st PlatoonTojo
0%
Grand Army of the RepublicToomer
0%
Grand Army of the RepublicTooth
0%
Hunter SquadronTracer
0%
Grand Army of the RepublicAlpha-58Trantos
0%
Grand Army of the RepublicGamma-383Trench
0%
Grand Army of the RepublicTreve
0%
Grand Army of the RepublicTrigger
0%
Eighteenth BattalionTroy
0%
Breakout SquadTrueblood
0%
Hawkbat BattalionCT-12/12-0068Twelve
0%
RC-1309's squadRC-8028Two-Eight
0%
Aiwha SquadTyto
0%
Bacta CompanyCT-52/89-9204Tyto
0%
Torrent CompanyVaize
0%
Grand Army of the RepublicValiant
0%
Excelsior CompanyVargus
0%
Grand Army of the RepublicVen
0%
Grand Army of the RepublicVen
0%
Torrent CompanyVere
0%
Grand Army of the RepublicRC-1134Vin
0%
Hammer SquadronWingnut
0%
Grand Army of the RepublicWrench
0%
Ord Cestus SquadCT-X270Xutoo
0%
Yayax SquadYover
0%
Aiwha SquadRC-2088Zag
0%
Grand Army of the RepublicZap
0%
1st PlatoonZeke
0%

Score Distribution

Percentile by Number Answered

Percent of People with Each Score

Your Score History

You have not taken this quiz